Constructive real numbers and constructive function spaces (Record no. 67550)

MARC details
000 -LEADER
fixed length control field 00678nam a2200241Ia 4500
003 - CONTROL NUMBER IDENTIFIER
control field OSt
005 - DATE AND TIME OF LATEST TRANSACTION
control field 20220912151409.0
008 - FIXED-LENGTH DATA ELEMENTS--GENERAL INFORMATION
fixed length control field 220909b |||||||| |||| 00| 0 eng d
037 ## - SOURCE OF ACQUISITION
Terms of availability Textual
040 ## - CATALOGING SOURCE
Original cataloging agency CSL
Language of cataloging eng
Transcribing agency CSL
041 ## - LANGUAGE CODE
Language code of text/sound track or separate title eng
100 ## - MAIN ENTRY--PERSONAL NAME
Personal name Sanin N A
245 #0 - TITLE STATEMENT
Title Constructive real numbers and constructive function spaces
260 ## - PUBLICATION, DISTRIBUTION, ETC.
Place of publication, distribution, etc. Rhode
Name of publisher, distributor, etc. Island American Mathematical Society
Date of publication, distribution, etc. 1968
300 ## - PHYSICAL DESCRIPTION
Extent iv,325p.
Dimensions cm.
490 ## - SERIES STATEMENT
Series statement Translations of Mathematical Monographs; Vol. 21
942 ## - ADDED ENTRY ELEMENTS (KOHA)
Classification part B313, K8
Koha item type Textual
Source of classification or shelving scheme Colon Classification (CC)
Holdings
Withdrawn status Lost status Damaged status Not for loan Home library Current library Date acquired Total Checkouts Full call number Barcode Date last seen Price effective from Koha item type
        Central Science Library Central Science Library 2022-09-12   B313 K8 SL0536886 2022-09-12 2022-09-12 Textual
Copyright @ Delhi University Library System